Statistics for Euro 2020 Group Standings

Click here to take the quiz!

General Stats

  • This quiz has been taken 27 times
  • The average score is 19 of 24

Answer Stats

HintAnswer% Correct
1stItaly97
100%
1stEngland72
95%
4thTurkey0-7
95%
2ndWales41
95%
1stFrance51
91%
2ndGermany41
91%
3rdPortugal41
91%
3rdSwitzerland4-1
91%
3rdCzech Republic41
86%
4thHungary2-3
86%
4thScotland1-4
86%
2ndDenmark31
82%
3rdFinland3-2
82%
4thRussia3-5
82%
1stBelgium96
77%
2ndCroatia41
77%
2ndAustria61
73%
1stNetherlands96
73%
1stSweden72
73%
4thNorth Macedonia0-6
68%
3rdUkraine3-1
68%
2ndSpain55
64%
4thPoland2-2
59%
3rdSlovakia3-5
59%

Score Distribution

Percentile by Number Answered

Percent of People with Each Score

Your Score History

You have not taken this quiz